Statistics for Composers Died Young

Click here to take the quiz!

General Stats

  • This quiz has been taken 32 times
  • The average score is 7 of 10

Answer Stats

CompositionAge of deathAnswer% Correct
Eine Kleine Nachtmusik35Wolfgang Amadeus Mozart
100%
Revolutionary Etude39Frederic Chopin
93%
Carmen39Georges Bizet
89%
Rhapsody in Blue38George Gershwin
86%
Trout Quintet31Franz Schubert
82%
Pictures at an Exhibition42Modest Mussorgsky
75%
A Midsummer Night's Dream38Felix Mendelssohn
71%
Der Freischütz39Carl Maria von Weber
54%
Dido and Aeneas36Henry Purcell
50%
Etude Op.8 No.1243Alexander Scriabin
25%

Score Distribution

Percentile by Number Answered

Percent of People with Each Score

Your Score History

You have not taken this quiz